000
00252nam a22001097a 4500
100
_a
Ghandhi,M.K.
245
_a
An autobiography: the story of Truth with my Experiments
250
_a
2014
260
_b
Mahaveer Pub.
300
_a
404
942
_2
ddc
_c
BK
999
_c
12839
_d
12839